书目信息 |
| 题名: |
电力电子变流技术
|
|
| 作者: | 黄俊 , 王兆安 编 | |
| 分册: | ||
| 出版信息: | 北京 机械工业出版社 1999.12 |
|
| 页数: | 234页 | |
| 开本: | 26cm | |
| 丛书名: | ||
| 单 册: | ||
| 中图分类: | TM4-43 | |
| 科图分类: | ||
| 主题词: | 变压器 , 变流器 , 电抗器 | |
| 电子资源: | ||
| ISBN: | 7-111-04175-5 | |
| 000 | 00645nam0 2200229 45 | |
| 001 | 0232664904 | |
| 005 | 2002110509042491 | |
| 010 | @a7-111-04175-5@dRMB 20.00 | |
| 100 | @a20021105d1999 km y0chiy0120 ea | |
| 101 | 0 | @achi |
| 102 | @aCN@b110000 | |
| 200 | 1 | @a电力电子变流技术@Adian li dian zi bian liu ji shu@f黄俊,王兆安编@Fhuang jun,wang zhao an bian |
| 210 | @a北京@c机械工业出版社@d1999.12 | |
| 215 | @a234页@d26cm | |
| 606 | 0 | @a变压器 |
| 606 | 0 | @a变流器 |
| 606 | 0 | @a电抗器 |
| 690 | @aTM4-43@v3 | |
| 701 | 0 | @a黄俊@Ahuang jun@4编 |
| 701 | 0 | @a王兆安@Awang zhao an@4编 |
| 801 | 0 | @aCN@bPFT@c20021105 |
| 905 | @a10447@dTM4-43@eH845 | |
| 电力电子变流技术/黄俊,王兆安编.-北京:机械工业出版社,1999.12 |
| 234页;26cm |
| ISBN 7-111-04175-5:RMB 20.00 |
| ● |
| 相关链接 |
|
|
|
正题名:电力电子变流技术
索取号:TM4-43/H845
 
预约/预借
| 序号 | 登录号 | 条形码 | 馆藏地/架位号 | 状态 | 备注 |
| 1 | 359547 | 203595476 | 自科库301/301自科库 12排2列3层/ [索取号:TM4-43/H845] | 在馆 | |
| 2 | 359548 | 203595485 | 自科二线404/404自科库 18排6列4层/ [索取号:TM4-43/H845] | 在馆 | |
| 3 | 359549 | 203595494 | 自科库301/301自科库 12排2列3层/ [索取号:TM4-43/H845] | 在馆 |